000 00630nam a2200181Ia 4500
008 090124s9999 xx 000 0 und d
082 _b16717
100 _aघाटे विठ्ठलराव
245 _a पांढरे केस हिरवी मने
250 _a3
260 _bमौज प्रकाशन
_c1974
300 _a136
600 _aघाटे विठ्ठलराव
630 _a पांढरे केस हिरवी मने
700 _aघाटे विठ्ठलराव
730 _a पांढरे केस हिरवी मने
942 _cBOOK
999 _c88855
_d88855